01267nas a2200349 4500001001300000003000900013005001700022007000300039008003400042040005400076041000900130072000800139100001900147100001900166100002200185100001700207100002300224245010500247246011500352650001100467650001400478650001200492650002300504650001800527650001400545650002200559773010800581909004000689942001800729999001900747952015100766BR2013000276BR-BrBNA20231205121757.0ta230509b bl.|||p| |||| 00| 00por d aBR-BrBNAbporcBiblioteca Nacional de Agricultura a(Pt) aL721 aSantos, T.R.B.1 aFarias, N.A.R.1 aCunha Filho, N.A.1 aPappen, F.G.1 aVaz Júnior, I.S.1 aAbordagem sobre controle do carrapato Rhipicephalus (Boophilus)microplus no sul do Rio Grande do Sul1 aStudies of the management of the tick Rhipicephalus (Boophilus)microplus in southern Rio Grande do Sul, Brazil aBOVINO aCARRAPATO aÁCARO aPARASITO DE ANIMAL aRESISTÊNCIA aACARICIDA aRIO GRANDE DO SUL0 tPesquisa Veterinária Brasileira (Brazil)xISSN 0100-736Xg(Jan 2009), v. 29(1) p. 65-70wBR2013000276 a202311bLúciac55dLúcia Elande 2AGRISn0cANA c225196d225196 002AGRIS4071a41918b41918cPeriódicos Agrícolash(Jan 2009), v. 29(1) p. 65-70l0r2023-11-29t01yCRePortaria Interministerial nº 164/94